000 02927nam a22003137a 4500
008 130507k19241925it ||||fr|||| 00| 0 lat d
040 _cSandra Yazo (modificó)
_dSandra Yazo (modificó)
082 _220
_a291.5
092 _aE26N022
100 1 _aSebastiani, Nicolás
_936953
242 0 0 _aSíntesis de la Teología Moral. Adaptada al Código de Derecho Canónico
_cNicolás Sebastiani
_yspa
245 0 0 _aSummarium Theologiae Moralis ad Codicem Iuris Canonici accommodatum
_cNicol. Sebastiani Sac.
246 1 3 _aDe Censuris latae sententiae iuxta Codicem Iuris Canonici
250 _aEditio Septima [7a ed.]
_bMaior [Revisada]
260 _aAugustae Taurinorum [Turín]
_bNunc Marii E. Marietti [Ediciones Mario E. Marietti]
_c1924-1925
300 _a2 t. 1 v. (404 ; vii, 261 p.)
_c22 x 16 cm.
500 _aDetalles físicos: Encuadernación rígida (holandesa) en cartón duro forrado en papel jaspeado marrón y blanco. Lomo de tela texturizada, de color rojo y letras en dorado. Guardas. Hoja de cortesía. Anteportadas. Portadas sencillas, impresas en una sola tinta, con un escudo pontificio (Papa Pío XI). Licencias y aprobaciones. Carta laudatoria del Papa Pío X. Texto impreso sobre papel de calidad. Márgenes amplios. Algunas notas de pie de página. Incluye una segunda portada.
500 _aEjemplar misceláneo incluye dos títulos en el volumen.
500 _aTítulo y datos de publicación tomados de la primera obra.
505 0 _aOBRA 1: Principios fundamentales de la teología Moral. ; El acto humano. ; Moralidad de los actos humanos. ; La norma objetiva: la ley. ; Las fuentes de la moralidad. ; Distinción de los actos humanos: el pecado. ; Distinción específica. ; La norma subjetiva: la conciencia. ; Los deberes. ; Deberes comunes para todos los cristianos. ; Las virtudes teologales y los vicios opuestos. ; Los preceptos del Decálogo. ; Los Mandamientos de la Iglesia. ; Obligaciones peculiares de algunos grupos: el estado laical y el estado clerical. ; El estado religioso. ; Los Sacramentos (en general y en particular) -- OBRA 2: Sobre las censuras en general. ; Noción de “censura”. ; Sujeto de las censuras. ; Absolución de las censuras. ; Las censuras en particular: excomunión, entredicho y suspensión. ; Sobre la excomunión: las reservadas a la Santa Sede (modalidades). ; Excomuniones reservadas al Ordinario. ; Excomuniones no reservadas. ; Entredicho (reservado y no reservado). ; Suspensiones reservadas a la Sede Apostólica. ; Suspensiones reservadas al Ordinario. ; Censuras por aquello delitos que pudieran cometerse en la elección del Papa.
506 _aConsulta en sala
546 _aTexto en latin
650 7 _aDerecho canónico
_936955
650 7 _aÉtica cristiana
_915229
650 7 _aTeología
_xMoral
_936954
690 _aTeología
700 1 _aCipollini, Alberto
_936956
942 _cLIBRO
_e1
_2DEWEY
_h291.5
999 _c166537
_d166537